000 00500nam a2200205Ia 4500
003 0100
008 130303s9999 xx 000 0 und d
020 _a0691097186
040 _cARRUPELIB
050 _aB358.C57 1961
245 4 _aThe collected dialogues of Plato
250 _aBollingen
260 _aPrinceton University Press
260 _C1961
300 _a1741p.
300 _b 24cm.
650 _aPHILOSOPHY
700 _aHamilton, Edith; Cairns, Huntington (ed.)
942 0 0 _01
999 _c45130
_d45130